On the stability properties of a delay differential neoclassical model of economic growth

The main aim of this paper is to establish sharp global stability conditions for the positive equilibrium of a well-known model of economic growth when a delay is considered in the production function. In order to deal with a broad scenario, we establish some results of global attraction for a gener...

Teljes leírás

Elmentve itt :
Bibliográfiai részletek
Szerzők: Buedo-Fernández Sebastián
Liz Eduardo
Dokumentumtípus: Folyóirat
Megjelent: 2018
Sorozat:Electronic journal of qualitative theory of differential equations
Kulcsszavak:Differenciálegyenlet - késleltetett
doi:10.14232/ejqtde.2018.1.43

Online Access:http://acta.bibl.u-szeged.hu/58142
LEADER 01640nas a2200217 i 4500
001 acta58142
005 20260224081030.0
008 190603s2018 hu o 000 hun d
022 |a 1417-3875 
024 7 |a 10.14232/ejqtde.2018.1.43  |2 doi 
040 |a SZTE Egyetemi Kiadványok Repozitórium  |b hun 
041 |a hun 
100 2 |a Buedo-Fernández Sebastián 
245 1 3 |a On the stability properties of a delay differential neoclassical model of economic growth  |h [elektronikus dokumentum] /  |c  Buedo-Fernández Sebastián 
260 |c 2018 
300 |a 1-14 
490 0 |a Electronic journal of qualitative theory of differential equations 
520 3 |a The main aim of this paper is to establish sharp global stability conditions for the positive equilibrium of a well-known model of economic growth when a delay is considered in the production function. In order to deal with a broad scenario, we establish some results of global attraction for a general family of differential equations with variable delay; for it, we use the notion of strong attractor, which allows us to simplify the proofs, as well as to generalize previous results. Our study reveals that sometimes production delays are not able to destabilize the positive equilibrium, even if they are large. In other cases, the stability properties of the equilibrium depend on the interaction between the delay and other relevant model parameters, leading sometimes to stability windows in the bifurcation diagram. 
695 |a Differenciálegyenlet - késleltetett 
700 0 1 |a Liz Eduardo  |e aut 
856 4 0 |u http://acta.bibl.u-szeged.hu/58142/1/ejqtde_2018_043.pdf  |z Dokumentum-elérés